| 000 | 00425nam a2200169Ia 4500 | ||
|---|---|---|---|
| 008 | 230524s9999 xx 000 0 und d | ||
| 020 | _a9788177588521 | ||
| 082 |
_a621.382 _bHAY |
||
| 100 | _aSimon Haykins | ||
| 245 | 0 | _aNeural Networks : A Comprehensive Foundation | |
| 250 | _a1ST | ||
| 260 |
_aNEW DELHI _bPearson _c2007 |
||
| 300 | _aXVIII;676 | ||
| 500 | _aQuantity Number: 42 | ||
| 650 | _aComp-Sc | ||
| 942 | _cBK | ||
| 999 |
_c37987 _d37987 |
||